Kenan Thompson Filmography - Statistics

General Stats
  • This quiz has been taken 27 times
    3 since last reset
  • The average score is 13 of 136
Answer Stats
Type Year Name % Correct
TV Show 1994-1999, 2002, 2005, 2019 All That
100%
TV Show 2021-2022 Kenan
100%
TV Show 1996-2000 Kenan & Kel
100%
TV Show 2003-Present Saturday Night Live
100%
Film 1997 Good Burger
67%
Film 2023 Good Burger 2
67%
TV Show 2011 iCarly
67%
Award Show 2021 Nickelodeon Kids' Choice Awards 2021
67%
TV Special 2015 Saturday Night Live: 40th Anniversary Special
67%
TV Special 2025 SNL50: The Anniversary Special
67%
Award Show 2022 The 74th Primetime Emmy Awards
67%
TV Show 1999 The Amanda Show
67%
Film 2018 The Grinch
67%
Commercial 2021-Present Autotrader
33%
TV Show 2003 Clifford the Big Red Dog
33%
Film 2021 Clifford the Big Red Dog
33%
TV Show 1999 Cousin Skeeter
33%
Film 2004 Fat Albert
33%
Film 2021 Home Sweet Home Alone
33%
TV Show 2019 Scooby-Doo and Guess Who?
33%
Film 2006 Snakes on a Plane
33%
Award Show 2019 2019 NHL Awards
0%
Web Special 2022 2022: Back That Year Up
0%
Web Special 2024 2024: Back That Year Up
0%
Web Series 2015 Above Average Music Videos
0%
Web Series 2013, 2016 Above Average Presents
0%
TV Show 2020 America's Got Talent
0%
TV Show 2022 Archer
0%
TV Film 2003 Are We There Yet?
0%
Film 2004 Barbershop 2: Back in Business
0%
Podcast 2021-2022 Batman: The Audio Adventures
0%
Film 2002 Big Fat Liar
0%
Short Film 2018 Blackaroni & Cheeee
0%
TV Show 2021 Bless the Harts
0%
TV Show 2019 Bring the Funny
0%
Film 2022 Bros
0%
Film 2016 Brother Nature
0%
Web Series 2023 Bupkis
0%
TV Mini-Series 2019 Camp Nick
0%
Short Film 2005 Candy Paint
0%
TV Show 2021 Celebrity Game Face
0%
Web Series 2025 Celebrity Substitute
0%
Documentary 2024 Child Star
0%
Commercial 2016 Chips Ahoy
0%
TV Show 2023 Chucky
0%
TV Show 2012 Cool Kids' Table
0%
TV Show 2007 Crank Yankers
0%
Film 1994 D2: The Mighty Ducks
0%
Film 1996 D3: The Mighty Ducks
0%
Short Film 2007 Dive! Manned Submersibles and the New Explorers
0%
TV Show 2018 Double Dare
0%
Podcast 2020 Escape from Virtual Island
0%
Commercial 2015, 2018 Fandango
0%
TV Show 2001 Felicity
0%
TV Show 1998 Figure It Out
0%
Web Series 2015 F Is for Family
0%
Web Series 2022 Fraggle Rock: Back to the Rock
0%
Film 2017 Going in Style
0%
Film 1995 Heavyweights
0%
Film 2005 Here Comes Peter Cottontail: The Movie
0%
Film 2020 Hubie Halloween
0%
TV Special 2013 Hub Network's First Annual Halloween Bash
0%
TV Show 2022 I Can See Your Voice
0%
TV Film 2011 iParty with Victorious
0%
TV Film 2009 Johnny B. Homeless
0%
Web Special 2021 Jonas Brothers Family Roast
0%
TV Film 2009 Larry the Cable Guy's Hula-Palooza Christmas Luau
0%
TV Show 2016 Late Night with Seth Meyers
0%
Web Series 2023 Lil Interns
0%
Film 2003 Love Don't Co$t a Thing
0%
TV Show 2009 Make My Day
0%
TV Show 2013 Martha Speaks
0%
Short Film 2019 Master Maggie
0%
TV Show 2017-2019 Match Game
0%
TV Show 2016 Maya & Marty
0%
Film 2003 My Boss's Daughter
0%
Short Film 2005 Myopia
0%
Music Video 2018 Natalie's Rap 2.0
0%
TV Show 2015-2019 Nature Cat
0%
TV Show 1997 Oddville, MTV
0%
TV Show 2002 Off Centre
0%
TV Show 1998-1999 Oh Yeah! Cartoons
0%
Web Series 2024 Olympic Highlights with Kevin Hart and Kenan Thompson
0%
Film TBA Pierre the Pigeon-Hawk
0%
Web Series 2023 P.K.'s Places
0%
Film 2019 Playmobil: The Movie
0%
TV Show 2023 Praise Petey
0%
TV Show 2009 Psych
0%
Film 2004 Public Lighting
0%
Documentary Mini-Series 2024 Raising Fame
0%
Film 2016 Rock Dog
0%
TV Show 2006 Rugrats
0%
TV Show 1998 Sabrina, the Teenage Witch
0%
TV Show 2008-2017 Saturday Night Live: Weekend Update Summer Edition
0%
TV Show 1997 Sister, Sister
0%
TV Show 2009 Sit Down, Shut Up
0%
Film 2008 Space Chimps
0%
TV Show 1996 Sports Theater with Shaquille O'Neal
0%
Film 2009 Stan Helsing
0%
TV Show 2018 Studio C
0%
Web Series 2022 That Damn Michael Che
0%
TV Show 2023 That's My Jam
0%
Film 2000 The Adventures of Rocky and Bullwinkle
0%
TV Show 2013-2015 The Awesomes
0%
Web Series 2022 The Boys Presents: Diabolical
0%
Web Series 2022 The Kids in the Hall
0%
Film 2012 The Magic of Belle Isle
0%
TV Show 2019 The Masked Singer
0%
Film 2002 The Master of Disguise
0%
TV Show 2008-2009 The Mighty B!
0%
TV Show 2002, 2003 The Nick Cannon Show
0%
Film 2014 The Opposite Sex
0%
TV Show 2000 The Parkers
0%
TV Show 2002 The Saturday Show
0%
Film 2011 The Smurfs
0%
Film 2013 The Smurfs 2
0%
TV Show 1996, 1997, 1998 The Steve Harvey Show
0%
TV Show 2015 The Tonight Show Starring Jimmy Fallon
0%
Film 2014 They Came Together
0%
Commercial 2019 Thrifty
0%
TV Short 2020 Tiny Diamond Goes Back to School
0%
Film 2023 Trolls Band Together
0%
TV Short 2021 Trolls Holiday in Harmony
0%
Short Film 2024 Trolls: It Takes Three
0%
Web Series 2020-2022 TrollsTopia
0%
Film 2020 Trolls World Tour
0%
TV Film 2000 Two Heads Are Better Than None
0%
Web Series 2016, 2017, 2019 Unbreakable Kimmy Schmidt
0%
Commercial 2020, 2021 Universal Parks & Resorts
0%
TV Show 2011 Victorious
0%
Audiobook 2023 When I Was Your Age: Life Lessons, Funny Stories & Questionable Parenting Advice from a Professional Clown
0%
TV Show 2024 Who Wants to Be a Millionaire
0%
Film 2008 Wieners
0%
TV Show 2005, 2018 Wild 'n Out
0%
Film 2019 Wonder Park
0%
TV Show 2013 Wonder Pets!
0%
No matching quizzes found
Score Distribution
Percent of People with Each Score
Percentile by Number Answered
Your Score History
You have not taken this quiz since the last reset